JLPT N5 Kanji - Statistics

General Stats
  • This quiz has been taken 2,150 times
  • The average score is 72 of 103
Answer Stats
Kanji Meaning % Correct
One
100%
Seven
94%
Three
94%
Two
92%
Mountain
91%
Female / Woman
90%
Five
90%
Large / Big
90%
Person
89%
Child
88%
In / Inside / Middle / Center / Mean / Medium
88%
Sun / Day / Japan
88%
Month / Moon
87%
River
87%
Small / Little
87%
Ten
87%
Up / Above
87%
Below / Down / Under / Descend / Give / Low / Inferior
85%
Four
85%
Nine
85%
Mouth
84%
Tree / Wood
84%
Water
84%
Fire
83%
Rain
83%
See / Hopes / Chances / Idea / Opinion / Look at / Visible
83%
Six
83%
Book / Present / Main / True / Real
82%
Eight
82%
Left
81%
What
81%
Now
80%
Circle / Yen / Round
79%
Flower
79%
Gold / Money
79%
Learning / Study / Science
79%
Car
78%
Ear
78%
Thousand
78%
Hand
77%
Father
76%
Heaven / Sky / Imperial
76%
Mother
76%
Right
76%
Year
76%
Go / Going / Journey
75%
Ten thousand
75%
Exit / Leave
73%
Male / Man
73%
Story / Talk / Speak / Conversation / Chat
73%
White
73%
Country
72%
Eye / Class / Look / Insight / Experience / Care / Favor
72%
Eat / Food
71%
Enter / Insert
71%
Fish
70%
Ground / Earth / Soil / Turkey
70%
Hundred
70%
Language
70%
Part / Minute / Segment
69%
North
68%
Time / Hour
68%
西 West / Spain
67%
Name / Noted / Distinguished / Reputation
66%
Rest / Day off / Retire / Sleep
65%
Few / Little
64%
Buy
62%
East
62%
Friend
62%
Hear / Ask / Listen
62%
Leg
62%
Old
62%
Electricity
60%
Tall / High
60%
Life / Birth / Genuine
58%
Say / Word
58%
Half / Middle / Semi / Part
57%
Many / Frequent / Much
57%
In front / Before
56%
Meeting / Meet / Party / Association / Interview / Join
56%
Spirit / Mind / Air / Atmosphere / Mood
56%
Stand up / Erect
56%
Week
56%
Drink
55%
Every
55%
Outside
54%
Read
54%
Come / Due / Next / Cause / Become
53%
South
53%
Station
53%
Write
53%
New
52%
School / Exam / Printing / Proof / Correction
52%
Before / Ahead / Previous / Future / Precedence
51%
Store / Shop
51%
Long / Leader
50%
Cheap / Safe / Relax
49%
Sky / Empty / Void / Vacant / Vacuum
49%
Behind / Back / Later
38%
Road
38%
Space / Interval
38%
Noon
37%
Company / Firm / Office / Association / Shrine
36%
No matching quizzes found
Score Distribution
Percent of People with Each Score
Percentile by Number Answered
Your Score History
You have not taken this quiz